| 000 | 00462nam a22001457a 4500 | ||
|---|---|---|---|
| 008 | 230413b |||||||| |||| 00| 0 eng d | ||
| 020 | _a0415221862. | ||
| 050 | _aB430.H84 2001 | ||
| 100 |
_aHughes, J. Gerard. _952320 |
||
| 245 |
_aRoutledge philosophy guidebook to Aristotle on ethics; _cGerard J. Hughes. |
||
| 260 |
_aLondon: _bRoutledge, _c2001. |
||
| 300 |
_ax; _b238p, _c20cm. |
||
| 650 |
_aAristotle. Nicomachaean ethics. _952321 |
||
| 942 |
_2lcc _cMONOGRAPH |
||
| 999 |
_c131740 _d131740 |
||